LEADER 01218nam a2200253 i 4500 001 000000172173 003 CaOOAMICUS 005 20080529000000.0 008 080529s1975 it u000 u fre u 013 $a149612 040 $aSeMil$bita 245 10$aMessage de sa sainteté le Pape Paul 6. pour la célébration de la «journée de la pax» :$b1. Janvier 1975. 246 04$iTitolo in copertina:$aJournee de la paix 1975 260 $a[S.l. :$bs.n.],$cstampa 1975$e(Pompei (NA) :$fTipografica Pompei,$gstampa 1975) 300 $a143 p. ;$c26 cm. 500 $aA piè del front. : La réconciliation, chemin vers la paix. - Fondo Card. Giovanni Colombo. 650 4$aPaolo VI - Pace.$0(OLS)http://semarc/subject/28370 850 $aSeMil 852 $aSeMil$W1$xVenegono$y1$m2A VI 12$j123035$B123035$CSeMilBibl$Z2$F134388 $81 941 1 $a3 961 $aLascito: Colombo Card. Giovanni 996 $6245$aMessage de sa sainteté le Pape Paul 6. pour la célébration de la «journée de la pax» :$b1. Janvier 1975$9(OLS)http://semarc/title/246497 996 $6246$aJournee de la paix 1975$9(OLS)http://semarc/title/246498 996 $6260$a[S.l. :$bs.n.]$9(OLS)http://semarc/publisher/29751 LEADER 00557nab a2200145 i 4500 001 000000279064 003 CaOOAMICUS 005 20130506000000.0 008 130506n xx uu u0 0und r 013 $a30487 040 $aSeMil$bita 245 13$aLa coalizione degli opposti. - 16 p. - Titolo principale dalla prima pagina. 500 $a5 maggio 2013. 773 0 $t[2013 : Gennaio-Giugno].$dBologna : Centro Editoriale Dehoniano, 2013.$w()218071 996 $6245$aLa coalizione degli opposti. - 16 p. - Titolo principale dalla prima pagina.$9(OLS)http://semarc/title/362961